Eniten kalaa syövät valtiot - Statistics

Yleistilastot
  • Tätä visaa on pelattu 1 761 kertaa
  • Keskiarvotulos 9 / 20
Vastaustilastot
Grammaa / päivä Valtio % Oikein
16,6 Japani
93%
14,8 Norja
90%
30,0 Islanti
76%
13,9 Indonesia
66%
16,3 Etelä-Korea
62%
16,0 Nauru
47%
15,2 Taiwan
45%
14,7 Tuvalu
44%
16,7 Malesia
42%
18,4 Palau
40%
13,3 Mikronesia
39%
12,9 Samoa
39%
15,4 Portugali
37%
29,6 Malediivit
36%
23,8 Kiribati
35%
18,4 Seychellit
29%
12,7 Barbados
22%
14,6 Antigua ja Barbuda
19%
15,9 Myanmar
18%
13,4 Kambodža
14%
Ehtoja vastaavia visoja ei löytynyt
Tulosjakauma
Jokaisen tuloksen saaneiden osuus
Persentiili vastausten määrän mukaan
Tuloshistoriasi
Et ole pelannut tätä visaa